000 00584nam a2200241 a 4500
001 nice12345678
003 IN_TiNIC
005 20260116011417.0
008 050524s1963 para grp 000 0 fre
020 _a
_c100
082 0 0 _a297.82
_bBLO
100 _aBlochet, E
245 _aLe Messianisme Danslheterodoxie Musullmane
260 _aParis
_bLibrairie Orientale
_c1963
300 _a192p
500 _aincludes index and biblioraphy
505 2 _aindex
650 _aShiah-Imam-doctrines
700 1 _aBlochet, E
902 _bRBA
942 _cBK
999 _c1293
_d1293